Niezapomniane Jedenastki #15: Juventus 2014/2015 - Statystyki

Ogólne statystyki
  • Ten quiz został rozwiązany 141 razy
  • Średni wynik to 9 z 11
Statystyki odpowiedzi
Pozycja Kraj Zawodnik % Poprawnych
BR Włochy Gianluigi Buffon
99%
ŚP Chile Arturo Vidal
95%
ŚO Włochy Leonardo Bonucci
94%
ŚO Włochy Giorgio Chiellini
92%
N Hiszpania Alvaro Morata
85%
ŚPO Francja Paul Pogba
85%
ŚP Włochy Andrea Pirlo
84%
LO Francja Patrice Evra
76%
N Argentyna Carlos Tevez
70%
ŚP Włochy Claudio Marchisio
68%
PO Szwajcaria Stephan Lichtsteiner
59%
Nie znaleziono quizów pasujących do podanych kryteriów
Rozkład punktacji
Procent ludzi z każdym wynikiem
Percentyl według liczby udzielonych odpowiedzi
Twoja historia wyników
Nie rozwiązałeś tego quizu